00422nam a2200169Ia 4500003000400000005001700004008004100021020001400062040000700076041000800083082001700091100003000108245005700138260002800195300001600223365001300239OSt20230401115009.0210423s2005 xx 000 0 und d a415270618 cAL aeng a303.482 HOLA aHOLLIDAY (Adrian);others. aIntercultural communication: advanced resource book. aLondonbRoutledgec2005 axvi,233bPB b495cINR